000 00506nam a22001697a 4500
003 NUST - PNEC
005 20170116181130.0
008 151006b xxu||||| |||| 00| 0 eng d
020 _a9781422119136
040 _cLIBRARY
082 _a658.150886583 BER
100 _913934
_aBerman, Karen
245 _aFinancial intelligence for HR professionals : what you really need to know about the numbers
_cKaren Berman
260 _cc.1962
650 _913935
_aPersonnel management
_xMIS
942 _2ddc
_cBK
999 _c69942
_d69942